000 00641nam a2200241Ia 4500
003 OSt
005 20221007074124.0
006 a|||||r|||| 00| 0
007 ta
008 221006b |||||||| |||| 00| 0 eng d
024 _a16,099
037 _cTextual
040 _aFLL
_cFLL
_beng
041 _2eng
_aeng
082 _aX7243:Z2qN4, H4
100 _aAiyar A.N. Au.
_9295101
245 0 _aExcess profits tax act,1940
250 _a5th
260 _aMadras
_bComnpany law institute India
_c1944
300 _aiv,322p
_ccm.
942 _hX7243:Z2qN4, H4
_cTEXL
_2CC
999 _c1151239
_d1151239